Statistics for US Cities That Start With F

Click here to take the quiz!

General Stats

  • This quiz has been taken 60 times
  • The average score is 3 of 6

Answer Stats

PopulationCity% Correct
522,053Fresno
90%
854,113Fort Worth
79%
264,488Fort Wayne
48%
204,759Fayetteville
33%
233,136Fremont
27%
209,665Fontana
19%

Score Distribution

Percentile by Number Answered

Percent of People with Each Score

Your Score History

You have not taken this quiz